LEADER 01088nam0 2200289 i 450 001 SUN0001776 005 20111018101425.278 010 $a88-205-0768-4 100 $a20020701d1995 |0itac50 ba 101 $aita 102 $aIT 105 $a|||| ||||| 200 1 $aCorso di diritto romano$eil testamento$fGaetano Scherillo$ga cura di Franco Gnoli 210 $aBologna$cCisalpino$d[1995] 215 $a403 p.$d24 cm. 606 $aTestamento$xDiritto romano$2FI$3SUNC007198 620 $dBologna$3SUNL000003 676 $a346.3702$v21 700 1$aScherillo$b, Gaetano$3SUNV001841$0258315 702 1$aGnoli$b, Franco$3SUNV001842 712 $aCisalpino$3SUNV002502$4650 801 $aIT$bSOL$c20181109$gRICA 912 $aSUN0001776 950 $aUFFICIO DI BIBLIOTECA DEL DIPARTIMENTO DI GIURISPRUDENZA$d00 CONS XVIII.Ef.7 $e00 16681 995 $aUFFICIO DI BIBLIOTECA DEL DIPARTIMENTO DI GIURISPRUDENZA$h16681$kCONS XVIII.Ef.7$op$qa 996 $aCorso di diritto romano$9698000 997 $aUNICAMPANIA LEADER 01130nam--2200385---4500 001 990000912360203316 005 20050629103448.0 010 $a3-465-02910-0 035 $a0091236 035 $aUSA010091236 035 $a(ALEPH)000091236USA01 035 $a0091236 100 $a20020128d1996----km-y0ENGy0103----ba 101 $ager 102 $aDE 200 1 $aReprasentation bei Descartes$fDominik Perler 210 $aFrankfurt am Main$cV. Klostermann$dc1996 215 $aXII, 342 p.$d24 cm 225 2 $aPhilosophische Abhandlungen$v68 410 $12001$aPhilosophische Abhandlungen$v68 606 $aDescartes, René 606 $aIdea$xStoria 676 $a121.4092 700 1$aPERLER,$bDominik$0451090 801 0$aIT$bsalbc$gISBD 912 $a990000912360203316 951 $aII.1.C. 1177(IV C 2719)$b139506 LM$cIV C 959 $aBK 969 $aUMA 979 $aPATTY$b90$c20020128$lUSA01$h1312 979 $c20020403$lUSA01$h1735 979 $aPATRY$b90$c20040406$lUSA01$h1703 979 $aCOPAT5$b90$c20050629$lUSA01$h1034 996 $aReprasentation bei Descartes$9971187 997 $aUNISA